|
|
|
|
| LEADER |
01352nam a2200409 a 4500 |
| 001 |
nkc20122391509 |
| 003 |
CZ PrNK |
| 005 |
20211221104052.0 |
| 007 |
ta |
| 008 |
120816s2012 xr ae e f 000 0 cze |
| 015 |
|
|
|a cnb002391509
|
| 020 |
|
|
|a 978-80-87275-55-9
|q (brož.)
|z 978-8087275-55-9
|
| 035 |
|
|
|a (OCoLC)823820805
|
| 040 |
|
|
|a ABA001
|b cze
|
| 043 |
|
|
|a e-xr---
|b e-xr-li
|2 czenas
|
| 072 |
|
7 |
|a 72
|x Architektura
|2 Konspekt
|9 21
|
| 080 |
|
|
|a 728.81
|2 MRF
|
| 080 |
|
|
|a (437.316)
|2 MRF
|
| 080 |
|
|
|a (036)
|2 MRF
|
| 100 |
1 |
|
|a Vojtíšek, Břetislav,
|d 1928-2021
|7 jn20000402577
|4 aut
|
| 245 |
1 |
0 |
|a Hrad Bezděz /
|c [text B. Vojtíšek]
|
| 246 |
3 |
0 |
|a Bezděz
|
| 260 |
|
|
|a Nymburk :
|b Vega-L,
|c [2012]
|
| 300 |
|
|
|a 16 s. :
|b il. (převážně barev.), 1 plán ;
|c 21 cm
|
| 500 |
|
|
|a Název z obálky
|
| 610 |
2 |
7 |
|a Bezděz (hrad)
|7 kn20021017006
|2 czenas
|
| 650 |
0 |
7 |
|a hrady
|7 ph120854
|z Česko
|2 czenas
|
| 650 |
0 |
9 |
|a castles
|z Czechia
|2 eczenas
|
| 651 |
|
7 |
|a Bezděz (Česko)
|7 ge128601
|2 czenas
|
| 651 |
|
9 |
|a Bezděz (Czechia)
|2 eczenas
|
| 655 |
|
7 |
|a informační publikace
|7 fd132454
|2 czenas
|
| 655 |
|
9 |
|a information publications
|2 eczenas
|
| 910 |
2 |
|
|a BOA001
|b 2-1295.428
|
| 990 |
|
|
|a BK
|
| 995 |
|
|
|a 01
|
| 991 |
|
|
|b 201212
|c NOV
|e n
|
| 996 |
6 |
|
|b 2610529928
|c 2-1295.428
|l MZK
|r Sklad / do 1 hodiny
|n 1
|p p.v.
|w 001301608
|u 000010
|a 1
|e BOA001
|j MZK50
|s P
|